000 00692nam a2200229 a 4500
001 BRCA_7587
005 20190320205912.0
008 210613s1955----mx-#######---#000-0#spa-#
041 _aspa
044 _asp
050 4 _aJC256
_b.G66 1955
100 1 _aGonzález Luna, Efraín
_98129
245 1 0 _aHumanismo político
_cEfraín González Luna ; preámbulo, selección y notas de Luis Calderón Vega.
260 _aMéxico
_bJus
_c1955
300 _a382 p.
_c23 cm.
500 _aS93
650 1 4 _aCiencia política
_xDiscursos, ensayos, conferencias
_918718
651 4 _aMéxico
_xPolítica y gobierno
_97019
700 1 _aCalderón Vega, Luis
_918719
902 _aGFM
942 _2lcc
_cB
999 _c7261
_d7261